Teoría de la disonancia cognoscitiva

Uloženo v:
Podrobná bibliografie
Hlavní autor: Festinger, Leon (Autor)
Médium: Kniha
Jazyk:španělština
Vydáno: Madrid Instituto de Estudios Políticos 1975
Témata:
Tagy: Přidat tag
Žádné tagy, Buďte první, kdo vytvoří štítek k tomuto záznamu!

MARC

LEADER 00000nam a2200000 a 4500
001 UCG1942
003 CL-VaPUC
008 100531e19750000SP |||||||||||||||||spa|d
020 |a 8425904307 
082 0 4 |a 301  |b FES  |2 21 
100 |a Festinger, Leon  |e author  |9 414107 
245 1 0 |a Teoría de la disonancia cognoscitiva 
300 |a 346 p 
942 |c BK 
945 |d 20100531 00:00:00  |a dcastane 
260 |a Madrid  |b Instituto de Estudios Políticos  |c 1975 
650 0 |a Sociología   |9 255410 
650 7 |a DISONANCIA COGNOSCITIVA  |2 CL-VaPUC  |9 550069 
650 0 |a Psicología social   |9 222894 
583 |a last modification  |c 20100531 00:00:00  |k Rodrigo Vera 
999 |c 341190  |d 341188 
952 |0 0  |1 0  |4 0  |6 301_000000000000000_FES_1975  |7 0  |8 P  |9 436521  |a BIBEDU  |b BIBEDU  |c BIBEDU_PB  |d 2019-11-22  |i 4679075  |o 301 FES 1975  |p 4679075  |r 2024-01-25  |w 2019-11-22  |y BK  |k EDI